[Event "Almaty Open 2019"]
[Site "Almaty"]
[Date "2019.10.09"]
[Round "4.3"]
[White "Smirnov, Pavel"]
[Black "Amanov, Zhanibek"]
[Result "1-0"]
[WhiteElo "2556"]
[BlackElo "2339"]
[Annotator "TA"]
[PlyCount "35"]
[EventDate "2019.10.07"]
[EventType "swiss"]
[EventCountry "KAZ"]
[SourceTitle "playchess.com"]
[Source "ChessBase"]
[SourceQuality "1"]

{[%evp 20,91,16,0,0,3,0,7,14,8,10,18,95,68,62,31,102,29,29,17,17,18,34,22,59,62,63,55,66,22,39,13,45,39,75,75,87,75,72,33,66,66,66,65,115,122,163,144,164,140,134,138,149,162,316,301,399,387,378,373,1093,997,962,812,6179,5742,5591,5363,5206,4718,29959,12850,4714,2920]} 1. d4 Nf6 2. Nf3 e6 3. g3 c5 4. Bg2 cxd4 5. Nxd4 d5 6. c4 e5 7. Nf3 d4 8. O-O Nc6 9. e3 Be7 10. exd4 exd4 11. Bf4 Be6 {E01: Catalan: Early deviations} 12. Ne5 (12. Nbd2 O-O 13. Re1 Qd7 14. a3 a5 15. Ne5 Nxe5 16. Bxe5 Ng4 17. Nf3 Nxe5 18. Nxe5 Qd6 19. Rc1 {½-½ (44) Yu,Y (2738)-Ding,L (2805) Stavanger 2019}) 12... Rc8 13. Nd2 O-O {The position is equal.} 14. Re1 Qb6 15. a3 Qxb2 (15... Nxe5 $11 16. Rxe5 Qxb2) 16. Nb3 $146 {aiming for Re2.} (16. Bxc6 {is interesting.} bxc6 17. Nb3 Rb8 18. Nxc6 Rxb3 19. Nxe7+ Kh8 20. Be5) ({Predecessor:} 16. Bxc6 bxc6 17. Nb3 Rb8 18. Rb1 Qxa3 19. Nxc6 {1-0 (28) Kovacevic,B (2493)-Brkic,A (2596) Pozega 2018}) 16... Nxe5 $1 ({Avoid the trap} 16... Bxa3 $2 17. Bxc6 bxc6 18. Rb1 $18) 17. Bxe5 Bxc4 18. Nxd4 {Played: Be5xd4} 1-0

[Event "Almaty Open 2019"]
[Site "Almaty"]
[Date "2019.10.09"]
[Round "4.4"]
[White "Isanzhulov, Arystan"]
[Black "Hamitevici, Vladimir"]
[Result "0-1"]
[WhiteElo "2305"]
[BlackElo "2472"]
[Annotator "ChessBase"]
[PlyCount "189"]
[EventDate "2019.10.07"]
[EventType "swiss"]
[EventCountry "KAZ"]
[SourceTitle "playchess.com"]
[Source "ChessBase"]
[SourceQuality "1"]
[TimeControl "5400+30"]

1. e4 {[%emt 0:00:00]} c6 {[%emt 0:05:25]} 2. d4 {[%emt 0:00:00]} g6 {[%emt 0:00:34]} 3. Nf3 {[%emt 0:14:22]} Bg7 {[%emt 0:01:27]} 4. Nbd2 {[%emt 0:08:06]} d6 {[%emt 0:00:21]} 5. g3 {[%emt 0:06:35]} Nf6 {[%emt 0:02:50]} 6. Bg2 {[%emt 0:02:34]} O-O {[%emt 0:00:22]} 7. O-O {[%emt 0:00:28]} Na6 {[%emt 0:03:46]} 8. Re1 {[%emt 0:04:25]} Nd7 {[%emt 0:03:11]} 9. e5 {[%emt 0:04:14]} dxe5 {[%emt 0:00:40]} 10. dxe5 {[%emt 0:00:22]} Nac5 {[%emt 0:00:14]} 11. b3 {[%emt 0:08:18]} Qc7 {[%emt 0:04:20]} 12. Qe2 {[%emt 0:02:40]} b6 {[%emt 0:00:37]} 13. a4 {[%emt 0:02:31]} Ba6 {[%emt 0:01:08]} 14. Qe3 {[%emt 0:00:30]} Ne6 {[%emt 0:01:17]} 15. Bb2 {[%emt 0:04:14]} Rad8 {[%emt 0:01:32]} 16. h4 {[%emt 0:03:43]} h6 {[%emt 0:05:02]} 17. Nf1 {[%emt 0:04:21]} c5 {[%emt 0:00:44]} 18. h5 {[%emt 0:08:39]} gxh5 {[%emt 0:02:14]} 19. Qe4 {[%emt 0:09:58]} Bb7 {[%emt 0:01:25]} 20. Qf5 {[%emt 0:00:35]} Bxf3 {[%emt 0:01:08]} 21. Bxf3 {[%emt 0:00:23]} Nd4 {[%emt 0:00:20]} 22. Bxd4 {[%emt 0:00:52]} e6 {[%emt 0:00:01]} 23. Qxh5 {[%emt 0:01:55]} cxd4 {[%emt 0:00:12]} 24. Be4 {[%emt 0:02:27]} Nxe5 {[%emt 0:00:33]} 25. Rac1 {[%emt 0:02:00]} Nd7 {[%emt 0:01:15]} 26. Bd3 {[%emt 0:01:54]} Qc5 {[%emt 0:02:05]} 27. Qe2 {[%emt 0:01:08]} Qe5 {[%emt 0:01:40]} 28. Qd1 {[%emt 0:00:30]} Qf6 {[%emt 0:00:54]} 29. Nh2 {[%emt 0:00:57]} Ne5 {[%emt 0:00:22]} 30. Ng4 {[%emt 0:00:42]} Nxg4 {[%emt 0:00:40]} 31. Qxg4 {[%emt 0:00:01]} Rd5 {[%emt 0:00:17]} 32. Qe4 {[%emt 0:02:44]} Rfd8 {[%emt 0:00:16]} 33. Kg2 {[%emt 0:00:39]} Rf5 {[%emt 0:01:05]} 34. Re2 {[%emt 0:00:37]} Rdd5 {[%emt 0:05:23]} 35. Rce1 {[%emt 0:00:51]} Bf8 {[%emt 0:02:44]} 36. Qg4+ {[%emt 0:00:29]} Rg5 {[%emt 0:00:08]} 37. Qe4 {[%emt 0:01:01]} Qg7 {[%emt 0:00:28]} 38. Rh1 {[%emt 0:00:54]} Rg4 {[%emt 0:01:47]} 39. Qf3 {[%emt 0:00:17]} Rgg5 {[%emt 0:04:29]} 40. Be4 {[%emt 0:01:27]} Rd8 {[%emt 0:02:25]} 41. Bd3 {[%emt 0:00:15]} Rdd5 {[%emt 0:01:43]} 42. Be4 {[%emt 0:00:05]} Rde5 {[%emt 0:03:05]} 43. Bd3 {[%emt 0:00:23]} Rxe2 {[%emt 0:00:41]} 44. Qxe2 {[%emt 0:00:18]} Qe5 {[%emt 0:03:01]} 45. Qxe5 {[%emt 0:01:23]} Rxe5 {[%emt 0:00:02]} 46. Rh4 {[%emt 0:00:37]} Rd5 {[%emt 0:00:06]} 47. f4 {[%emt 0:00:38]} Bg7 {[%emt 0:00:25]} 48. Rh1 {[%emt 0:00:27]} Kf8 {[%emt 0:00:21]} 49. f5 {[%emt 0:01:10]} Ke7 {[%emt 0:03:20]} 50. fxe6 {[%emt 0:00:19]} fxe6 {[%emt 0:00:08]} 51. Kf3 {[%emt 0:00:27]} Re5 {[%emt 0:00:43]} 52. Kf2 {[%emt 0:00:55]} Rg5 {[%emt 0:00:47]} 53. Kf3 {[%emt 0:00:09]} h5 {[%emt 0:00:43]} 54. Rh4 {[%emt 0:00:28]} Be5 {[%emt 0:01:10]} 55. g4 {[%emt 0:00:44]} hxg4+ {[%emt 0:00:06]} 56. Rxg4 {[%emt 0:00:02]} Rh5 {[%emt 0:00:05]} 57. Kf2 {[%emt 0:00:39]} Rh2+ {[%emt 0:02:07]} 58. Rg2 {[%emt 0:00:06]} Rh3 {[%emt 0:00:06]} 59. Rg4 {[%emt 0:01:08]} a5 {[%emt 0:00:43]} 60. Ke2 {[%emt 0:00:44]} Kd6 {[%emt 0:01:37]} 61. Kf2 {[%emt 0:00:19]} Bf6 {[%emt 0:00:35]} 62. Kg2 {[%emt 0:00:31]} Rh8 {[%emt 0:00:17]} 63. Rf4 {[%emt 0:00:32]} Rh6 {[%emt 0:00:48]} 64. Rg4 {[%emt 0:00:12]} Be5 {[%emt 0:00:41]} 65. Kf2 {[%emt 0:00:27]} Rh5 {[%emt 0:01:45]} 66. Kf3 {[%emt 0:00:34]} Rh2 {[%emt 0:00:50]} 67. Rg2 {[%emt 0:00:34]} Rh3+ {[%emt 0:00:07]} 68. Kf2 {[%emt 0:00:49]} Bf4 {[%emt 0:00:08]} 69. Rg6 {[%emt 0:00:25]} Bd2 {[%emt 0:01:55]} 70. Rg4 {[%emt 0:00:32]} Be3+ {[%emt 0:02:20]} 71. Kg2 {[%emt 0:00:17]} Rh5 {[%emt 0:00:37]} 72. Rg6 {[%emt 0:00:23]} Re5 {[%emt 0:00:59]} 73. Rg4 {[%emt 0:00:11]} Kc5 {[%emt 0:00:56]} 74. Kf3 {[%emt 0:01:14]} Kb4 {[%emt 0:01:04]} 75. Rg7 {[%emt 0:00:23]} Bd2 {[%emt 0:03:20]} 76. Kf2 {[%emt 0:00:38]} Be1+ {[%emt 0:01:13]} 77. Kf1 {[%emt 0:00:21]} Bc3 {[%emt 0:00:08]} 78. Rb7 {[%emt 0:00:34]} Kc5 {[%emt 0:00:10]} 79. Bb5 {[%emt 0:00:31]} Re3 {[%emt 0:02:03]} 80. Re7 {[%emt 0:00:34]} Kb4 {[%emt 0:00:23]} 81. Bd3 {[%emt 0:00:34]} Ka3 {[%emt 0:01:07]} 82. Rb7 {[%emt 0:00:33]} e5 {[%emt 0:00:07]} 83. Bg6 {[%emt 0:00:25]} e4 {[%emt 0:00:43]} 84. Re7 {[%emt 0:00:17]} Re1+ {[%emt 0:00:14]} 85. Kf2 {[%emt 0:00:04]} e3+ {[%emt 0:00:05]} 86. Kf3 {[%emt 0:00:20]} Kb2 {[%emt 0:00:28]} 87. Bd3 {[%emt 0:01:15]} Rd1 {[%emt 0:00:55]} 88. Bh7 {[%emt 0:00:32]} Rf1+ {[%emt 0:00:26]} 89. Kg3 {[%emt 0:00:32]} Rf2 {[%emt 0:00:15]} 90. Rd7 {[%emt 0:00:34]} Rxc2 {[%emt 0:01:28]} 91. Bxc2 {[%emt 0:00:03]} Kxc2 {[%emt 0:00:06]} 92. Kf3 {[%emt 0:00:12]} Kd1 {[%emt 0:00:26]} 93. Re7 {[%emt 0:00:21]} Bd2 {[%emt 0:00:05]} 94. Ke4 {[%emt 0:00:39]} e2 {[%emt 0:00:07]} 95. Kxd4 0-1

[Event "Almaty Open 2019"]
[Site "Almaty"]
[Date "2019.10.09"]
[Round "4.5"]
[White "Kostenko, Petr"]
[Black "Urazayev, Arystanbek"]
[Result "1/2-1/2"]
[WhiteElo "2462"]
[BlackElo "2420"]
[Annotator "TA"]
[PlyCount "136"]
[EventDate "2019.10.07"]
[EventType "swiss"]
[EventCountry "KAZ"]
[SourceTitle "playchess.com"]
[Source "ChessBase"]
[SourceQuality "1"]

{[%evp 20,136,10,14,33,11,11,11,13,8,50,31,20,22,25,18,12,14,13,10,15,12,16,15,20,18,28,19,20,7,6,5,6,0,0,0,17,0,6,7,21,15,41,41,41,41,41,41,41,41,41,41,41,7,7,7,25,7,7,7,7,7,7,7,25,25,25,7,7,8,14,0,0,0,0,0,0,0,0,0,0,0,0,0,0,0,0,0,0,0,0,0,0,0,0,0,0,0,0,0,0,0,0,0,0,0,0,0,0,0,0,0,0,0,0,0,0,0,0]} 1. e4 c5 2. Nf3 e6 3. d4 cxd4 4. Nxd4 Nc6 5. Nb5 d6 6. c4 Nf6 7. N1c3 a6 8. Na3 d5 9. exd5 exd5 10. cxd5 Nb4 11. Be2 Nbxd5 {B44: Sicilian: Taimanov: 5 Nb5} (11... b5 12. O-O Bd6 13. Bg5 O-O 14. Nc2 Nxc2 15. Qxc2 Qc7 16. Bxf6 Bxh2+ 17. Kh1 gxf6 18. g3 Bxg3 19. Rg1 {1-0 (19) Vulfson,V (2416)-Vuelban,V (2304) Marianske Lazne 2017}) 12. Nxd5 Qxd5 13. O-O Qxd1 14. Rxd1 Bc5 (14... Bxa3 $5 15. bxa3 O-O $11) 15. Nc4 $146 ({Predecessor:} 15. Bf3 Be6 16. Bf4 O-O 17. Bxb7 Ra7 18. Bf3 Bxa3 19. bxa3 {½-½ (58) Kilian,R (2295)-Kleinegger,F (2260) Unna 2000}) 15... O-O 16. b4 Ba7 $1 17. Bb2 Bg4 18. Bxg4 Nxg4 19. Bd4 Bxd4 20. Rxd4 Nf6 21. Rad1 Rac8 22. a4 h6 23. f3 Rc7 24. a5 Nd5 25. Rxd5 {[#] Hoping for Nb6.} Rxc4 $11 {[%mdl 4096] Endgame KRR-KRR} 26. b5 axb5 27. Rxb5 Rc7 28. Kf2 Ra8 29. g4 Re8 30. h4 f6 31. h5 Kf7 32. Rdb1 Ree7 33. Kg3 Rcd7 34. R1b4 Rc7 35. Kf4 Rcd7 36. Kf5 Rd3 37. f4 Rdd7 38. Rc4 Rd8 39. Re4 {Rxe7+ is the strong threat.} Rc7 40. Re3 Rd4 41. Reb3 Ra4 42. Rd3 Rac4 43. Rbd5 {aiming for Rd7+.} R7c5 {The position is equal.} 44. Rd1 Rc2 45. R1d2 {[#]} (45. R1d4 {is interesting.} R2c4 46. Rd3 Rc1 47. Ke4 R1c4+ 48. Kf3) 45... Rxa5 $1 {[%mdl 512]} 46. Rxa5 Rxd2 {KR-KR} 47. Rb5 Rd7 48. g5 fxg5 49. fxg5 hxg5 50. Kxg5 Rc7 51. Rf5+ Kg8 52. Rb5 Kf8 53. Rb6 Kg8 54. Rb5 Kf7 55. Rf5+ Kg8 56. Rb5 Kh7 57. Rb6 $1 Re7 58. Rb5 Kg8 59. Rb6 Rd7 (59... Rc7 {seems wilder.}) 60. Rb5 Rc7 61. Rb6 Kf7 62. Rb5 Ke6 63. Kg6 Kd6 64. Rb1 Re7 65. Rd1+ Kc7 66. Rc1+ Kd8 67. Rd1+ Ke8 68. Ra1 Kd7 {Accuracy: White = 73%, Black = 71%.} 1/2-1/2

[Event "Almaty Open 2019"]
[Site "Almaty"]
[Date "2019.10.09"]
[Round "4.6"]
[White "Moisseyenko, Ilya"]
[Black "Khusenkhojaev, Muhammad"]
[Result "1-0"]
[WhiteElo "2264"]
[BlackElo "2434"]
[Annotator "TA"]
[PlyCount "87"]
[EventDate "2019.10.07"]
[EventType "swiss"]
[EventCountry "KAZ"]
[SourceTitle "playchess.com"]
[Source "ChessBase"]
[SourceQuality "1"]

{[%evp 13,105,-1,16,14,21,23,23,21,23,21,31,20,6,12,16,19,47,0,0,-18,0,0,0,0,-1,-6,0,0,0,0,0,0,0,0,0,0,0,0,0,0,45,10,14,1,13,0,12,0,10,0,0,0,105,120,151,144,153,161,258,266,263,262,258,259,246,251,252,225,367,347,370,31,726,357,492,484,431,337,1044,994,1619,1402,1402,1511,1561,1542,1355,1208,1333,1310,29987,29987,29987,29987]} 1. d4 Nf6 2. Nf3 g6 3. c4 Bg7 4. Nc3 d5 5. cxd5 Nxd5 6. Bd2 c5 7. Rc1 O-O 8. dxc5 {D90: Grünfeld: 4 Nf3 Bg7 sidelines} Na6 9. e4 Ndb4 10. a3 {White has an edge.} Nd3+ 11. Bxd3 $1 Qxd3 12. b4 Rd8 13. Qe2 Be6 {[#]} 14. O-O $146 ({Predecessor:} 14. Nb5 Qb3 15. O-O Qa4 {1-0 (64) Vladimirov,Y (2598)-Barua,D (2502) New Delhi/Teheran 2000}) 14... Bg4 {aiming for ...Qxe2.} 15. Be1 Nc7 16. h3 Bxf3 17. Qxf3 Qxf3 18. gxf3 Rd3 19. a4 Ne6 {And now ...Nf4 would win.} 20. Nd5 Nd4 {Strongly threatening ...Ne2+.} 21. Kg2 Nxf3 22. Bc3 Nh4+ 23. Kh2 Nf3+ 24. Kg2 e6 25. Ne7+ Kf8 26. Bxg7+ Kxe7 27. c6 (27. Rfd1 $5 {[%cal Rd1d3]} Rxd1 28. Rxd1 $16) 27... Nh4+ 28. Kh2 Nf3+ 29. Kg2 Nh4+ 30. Kh2 Nf3+ 31. Kh1 bxc6 32. Rxc6 Nd2 (32... Ng5 $1 $11) 33. Rc7+ $16 Kd6 34. Rfc1 $36 {[%csl Gc7][%cal Rc1c6][%mdl 2048] Keeping Black busy.} Nxe4 35. Rxf7 Rxh3+ (35... e5 $142 36. Rcc7 Rxh3+ 37. Kg2 Rh5) 36. Kg2 $1 $18 Rh5 37. f4 e5 38. Bxe5+ Ke6 39. Rcc7 a6 40. a5 (40. Rxh7 $6 Rxh7 41. Rxh7 g5 $16) 40... Rd8 {[#]} (40... Rg8 $142 41. Kf3 (41. Rxh7 Rxh7 42. Rxh7 g5 $16) 41... Ng5+ 42. fxg5 Kxe5) 41. Rce7+ $1 Kd5 {[#]} 42. b5 $2 ({White has to play} 42. Rd7+ $1 $18 Rxd7 43. Rxd7+ Kc6 44. Rd4) 42... axb5 $2 {[%mdl 8192]} (42... Kc5 $14 43. Rxh7 (43. bxa6 Rd2+ 44. Kg1 Rhh2 $11) 43... Rxh7 44. Rxh7 Kxb5) 43. a6 (43. Rd7+ $142 Rxd7 44. Rxd7+ Ke6 45. a6 Rxe5 46. fxe5) 43... Kc6 44. Rc7+ {Played: Re7-d7} 1-0

[Event "Almaty Open 2019"]
[Site "Almaty"]
[Date "2019.10.09"]
[Round "4.7"]
[White "Barsov, Alexei"]
[Black "Kenzhalin, Nursultan"]
[Result "1/2-1/2"]
[WhiteElo "2365"]
[BlackElo "2185"]
[Annotator "TA"]
[PlyCount "37"]
[EventDate "2019.10.07"]
[EventType "swiss"]
[EventCountry "KAZ"]
[SourceTitle "playchess.com"]
[Source "ChessBase"]
[SourceQuality "1"]

{[%evp 21,37,41,42,34,93,85,80,79,98,88,95,83,92,78,85,85,93,82]} 1. d4 Nf6 2. c4 g6 3. Nf3 Bg7 4. g3 c6 5. Bg2 d6 6. O-O O-O 7. Nc3 Nbd7 8. e4 e5 9. h3 Re8 10. Re1 Qc7 11. Be3 b6 12. d5 {E69: King's Indian: Fianchetto: 6...Nbd7 7 0-0 e5 8 e4 c6 9 h3} c5 (12... cxd5 $14 13. Nb5 Qb8) 13. a3 $146 {White is better.} ({Predecessor:} 13. Rb1 Nf8 14. b4 Nh5 15. Nd2 Bd7 16. bxc5 bxc5 17. Nb5 Qb8 18. Nb3 a6 19. Nxd6 Qxd6 20. Nxc5 {1-0 (38) Kolev,A (2500)-Banegas Gomez,R Sitges 1993}) 13... a6 14. Bf1 Rb8 15. Rc1 Nf8 16. b4 Bd7 17. Kh2 h6 18. Rb1 g5 19. Nd2 1/2-1/2

[Event "Almaty Open 2019"]
[Site "Almaty"]
[Date "2019.10.09"]
[Round "4.8"]
[White "Stupak, Kirill"]
[Black "Rakhimzhan, Alen"]
[Result "1/2-1/2"]
[WhiteElo "2551"]
[BlackElo "2303"]
[Annotator "TA"]
[PlyCount "70"]
[EventDate "2019.10.07"]
[EventType "swiss"]
[EventCountry "KAZ"]
[SourceTitle "playchess.com"]
[Source "ChessBase"]
[SourceQuality "1"]

{[%evp 10,70,16,5,21,-8,2,-6,-4,-14,-10,-32,-32,-33,-29,-29,-26,-45,0,-44,-32,-39,-14,-36,-76,-248,-102,-318,-285,-292,-236,-562,-580,-537,-307,-304,-303,-281,-296,-295,-173,-167,-29,-16,-31,-12,-2,-16,0,0,0,0,0,0,0,0,0,0,0,0,0,0,0]} 1. c4 e5 2. g3 Nc6 3. Nc3 Bb4 4. Bg2 Bxc3 5. bxc3 d6 6. Nf3 Nge7 {A21: English Opening: 1...e5 2 Nc3} (6... f5 7. d3 Nf6 8. O-O O-O 9. c5 d5 10. Qb3 Rb8 11. Bg5 Be6 12. e4 fxe4 13. dxe4 Qe8 14. exd5 Bxd5 15. Qd1 Rd8 16. Qc2 Be4 17. Qb3+ Bd5 18. Qc2 Be4 19. Qb3+ Bd5 20. Qc2 Be4 {½-½ (20) Mamedov,R (2658)-Arun Prasad,S (2482) Al Ain 2014}) 7. Qc2 O-O 8. d3 h6 9. O-O Be6 10. h3 $146 ({Predecessor:} 10. Rb1 Rb8 11. Nd2 Qd7 12. d4 Bh3 13. Nf3 Bxg2 14. Kxg2 f5 15. Qa4 e4 16. Ng1 {0-1 (32) Szlenka,A (1774)-Fodor,P (2029) Budapest 2016}) 10... Qd7 11. Kh2 f5 12. Nd2 f4 13. e3 Rf5 14. d4 Rh5 $36 {[%mdl 2048] Black is more active.} 15. h4 Nf5 {aiming for ...fxg3+.} 16. Nf3 {d5 is the strong threat.} Bxc4 17. Rd1 $2 (17. exf4 $17 Bxf1 18. Bxf1) 17... Rf8 (17... fxg3+ $19 {and Black stays clearly on top.} 18. fxg3 Rf8) 18. e4 $2 {[#]} (18. exf4 $17 exf4 19. Rb1) 18... Nxh4 $1 $19 {[%mdl 512]} 19. gxh4 (19. Nxh4 Qg4 $19) 19... Qg4 {And now ...Rf6 would win.} 20. Rh1 $2 (20. Rd3 {was the crucial defense.} Rxh4+ 21. Nxh4 Bxd3 22. Qxd3 Qxh4+ {[%mdl 64] Double Attack} 23. Kg1) 20... Rf6 21. Qd1 Rg6 {[%csl Gg6][%cal Rg4g2]} 22. Bh3 Rxh4 $1 23. Nxh4 Qxh4 24. Qf3 {Strongly threatening Rg1.} Be6 (24... exd4 $142 {( -> ...Ne5)} 25. Bxf4 (25. Qxf4 $2 Ne5 $19) 25... Be2 $1 {[%mdl 512]}) 25. Bxf4 {[#]} Rf6 ({Not} 25... exf4 26. Rag1 $11) (25... Bxh3 $1 $19 26. Bg3 Bg4+ 27. Bxh4 Bxf3) 26. Kg2 $11 {Hoping for Bxe6+.} Bxh3+ 27. Rxh3 Qxf4 {The position is equal.} 28. Rd1 b6 29. Qxf4 Rxf4 {[%mdl 4096] Endgame KRR-KRN} 30. f3 Rf6 31. Kf2 g5 32. Ke3 Kg7 33. Kd3 a6 34. a4 Kg6 35. Rdh1 Kg7 {Accuracy: White = 33%, Black = 58%.} 1/2-1/2

[Event "Almaty Open 2019"]
[Site "Almaty"]
[Date "2019.10.09"]
[Round "4.9"]
[White "Makhnev, Denis"]
[Black "Balabayeva, Xeniya"]
[Result "1-0"]
[WhiteElo "2478"]
[BlackElo "1986"]
[Annotator "TA"]
[PlyCount "99"]
[EventDate "2019.10.07"]
[EventType "swiss"]
[EventCountry "KAZ"]
[SourceTitle "playchess.com"]
[Source "ChessBase"]
[SourceQuality "1"]

{[%evp 20,99,18,18,58,56,44,61,51,63,47,60,68,53,67,50,38,47,132,139,131,137,125,83,95,99,88,99,183,184,186,184,185,28,30,40,113,0,102,114,100,88,82,61,73,70,81,75,113,112,216,197,204,211,222,185,238,222,191,122,214,117,105,121,115,102,117,67,70,72,83,64,102,84,142,65,366,432,382,385,720,716]} 1. d4 Nf6 2. c4 e6 3. g3 d5 4. Bg2 Be7 5. Nf3 O-O 6. O-O c6 7. Qc2 b6 8. Rd1 Nbd7 9. Bf4 Bb7 10. Nc3 ({Predecessor:} 10. Ne5 Nxe5 11. dxe5 Nd7 12. cxd5 cxd5 13. e4 Rc8 {1-0 (37) Neiksans,A (2582)-Das,S (2436) Riga 2017}) 10... Rc8 11. Ne5 Nxe5 $146 {E08: Closed Catalan: Main Line: 7 Qc2} (11... Nh5 12. Bd2 a6 13. e4 dxc4 14. Nxc4 b5 15. Ne3 c5 16. d5 c4 17. a4 Qb6 18. axb5 axb5 19. Ne2 {½-½ (54) Cheparinov,I (2709)-Karjakin,S (2753) St Petersburg 2018}) 12. dxe5 Nd7 13. cxd5 cxd5 {White is slightly better.} 14. e4 dxe4 15. Bxe4 Bxe4 16. Qxe4 Qc7 17. Rac1 Nc5 18. Qf3 Rfd8 (18... Rcd8 $14) 19. Nb5 $1 $16 {[%cal Rb5c7]} Qb8 {[#]} 20. b4 $1 {[%cal Rb4c5]} Na6 21. Rxc8 Qxc8 22. Rxd8+ (22. Nxa7 $6 Rxd1+ 23. Qxd1 Qb7 $11) 22... Qxd8 23. a3 ({Much worse is} 23. Nxa7 $6 Nxb4 24. Nc6 Nxc6 $11) 23... Qd7 (23... Nc7 $16 24. Nxa7 Qd7) 24. Qa8+ $18 Bf8 25. Nd6 ({Inferior is} 25. Nxa7 Nc7 $11) 25... Qc7 26. Be3 $2 (26. Qe8 $18) 26... Nb8 $11 27. Nb5 Qxe5 (27... Qc2 $1 $14) 28. Qxa7 ({Only move:} 28. Nxa7 $16 {Nc8 is the strong threat.} Qc7 29. Nb5) 28... Nc6 (28... Qa1+ $1 $11 29. Kg2 Qe5) 29. Qxb6 $16 Qd5 30. Nd4 $36 {[%mdl 2048] Black is under strong pressure.} Ne5 31. Qb5 {Hoping for Qxd5.} Qe4 32. Qe2 Qd5 $1 33. Bf4 Nc4 34. Nc2 e5 (34... Nb2 $16) 35. Ne3 $18 Nxe3 36. Bxe3 Qb3 37. Bc1 f6 (37... h6 {is a better defense.} 38. Kg2 Qd5+ 39. Qf3 e4) 38. Kg2 Qd5+ 39. f3 (39. Qf3 $18 e4 40. Qc3) 39... f5 {[#]} (39... g6 $16 40. Be3 h5) 40. Qc2 (40. b5 $1 $18) 40... e4 $16 41. fxe4 fxe4 42. Be3 h6 43. g4 Qe6 44. h3 Qd5 45. Kf1 Qb5+ 46. Ke1 Qe5 47. Kd2 (47. Qb3+ $16 Kh8 48. Bd2) 47... Be7 $2 {[%mdl 8192]} ({Better is} 47... Kh7 $14) 48. Qc8+ $18 Bf8 49. Bc5 Qd5+ $2 (49... Qh2+ 50. Kd1 Qh1+ 51. Kc2 Qh2+ 52. Kb3 Qxh3+ 53. Ka4 Qf1) 50. Ke1 {Accuracy: White = 59%, Black = 37%.} 1-0

[Event "Almaty Open 2019"]
[Site "Almaty"]
[Date "2019.10.09"]
[Round "4.10"]
[White "Dzhumaev, Marat"]
[Black "Serikbay, Chingiz"]
[Result "1/2-1/2"]
[WhiteElo "2428"]
[BlackElo "2298"]
[Annotator "TA"]
[PlyCount "69"]
[EventDate "2019.10.07"]
[EventType "swiss"]
[EventCountry "KAZ"]
[SourceTitle "playchess.com"]
[Source "ChessBase"]
[SourceQuality "1"]

{[%evp 19,69,0,0,0,0,-22,-24,-29,0,0,8,0,6,6,20,0,0,-19,0,-73,0,0,0,0,0,-12,-8,-8,0,-13,0,0,0,-7,0,-8,0,0,0,-13,-25,-19,-19,-12,-14,-21,-21,-31,0,0,0,0]} 1. e4 c5 2. Nc3 g6 3. Nf3 Bg7 4. d4 cxd4 5. Nxd4 Nc6 6. Nb3 Nf6 7. Be2 O-O 8. O-O d6 9. Re1 Be6 10. Bg5 Rc8 11. Qd2 {B70: Sicilian Dragon: 6 g3 and 6 Be2 (without a later Be3)} (11. Bf1 h6 12. Bf4 d5 13. exd5 Nxd5 14. Nxd5 Bxd5 15. c3 e5 16. Be3 b6 17. Qc1 Qh4 18. f3 Rfd8 {0-1 (52) Andriasian,Z (2585)-Nakamura,H (2781) chess.com INT 2018}) 11... Ne5 12. Bh6 Bxh6 $146 ({Predecessor:} 12... Bc4 13. Bxg7 Kxg7 14. Qe3 Bxe2 15. Rxe2 Nc4 16. Qc1 e6 17. Nd2 Qa5 18. Nxc4 Rxc4 {0-1 (37) Cote,B (1546)-Wihnon,J (1718) Edmonton 2009}) 13. Qxh6 {Black has an edge.} Nc4 14. Bxc4 Rxc4 15. Nd2 Rc5 16. Nf3 Rh5 17. Qd2 Qb6 18. b3 Rc8 19. Na4 {[#]} (19. Re3 $1 $11 {keeps the balance.}) 19... Qa5 (19... Qc7 $1 $17 20. c4 Bg4) 20. c4 $1 $11 Qxd2 21. Nxd2 b5 22. cxb5 Rxb5 23. Rac1 Rbb8 24. f3 a5 {[%cal Ba7a5,Ba5a4][%mdl 32]} 25. Kf2 Kf8 26. Ke3 Ke8 27. Red1 Kd8 28. Nb2 Nd7 29. Nd3 a4 {[%cal Ra4b3]} 30. Rxc8+ Rxc8 31. Rc1 Rb8 {[%cal Ra4b3]} 32. Rc3 axb3 33. axb3 Nc5 34. Nxc5 dxc5 35. Rxc5 {Accuracy: White = 50%, Black = 48%.} 1/2-1/2

[Event "Almaty Open 2019"]
[Site "Almaty"]
[Date "2019.10.09"]
[Round "4.11"]
[White "Mezentsev, Ivan"]
[Black "Bekturov, Tamerlan"]
[Result "1/2-1/2"]
[WhiteElo "2351"]
[BlackElo "2226"]
[Annotator "TA"]
[PlyCount "58"]
[EventDate "2019.10.07"]
[EventType "swiss"]
[EventCountry "KAZ"]
[SourceTitle "playchess.com"]
[Source "ChessBase"]
[SourceQuality "1"]

{[%evp 15,58,7,16,1,16,-9,0,0,0,6,29,19,127,4,9,14,35,0,0,0,0,0,0,0,18,5,19,16,14,0,0,-18,0,0,0,0,0,-18,0,-21,-16,-68,-38,-34,-35]} 1. Nf3 c5 2. c4 Nc6 3. Nc3 g6 4. e3 Nf6 5. d4 cxd4 6. exd4 d5 7. cxd5 Nxd5 8. Qb3 e6 9. Bc4 {[%cal Rc3d5] A35: Symmetrical English: 2 Nc3 Nc6 3 Nf3} (9. Bb5 Bg7 10. O-O O-O 11. Bxc6 bxc6 12. Na4 Qd6 13. Re1 Rb8 14. Qd1 Ne7 15. b3 Nf5 16. Bb2 Rd8 17. Qc2 Nxd4 18. Bxd4 Bxd4 19. Nxd4 Qxd4 {0-1 (132) So,W (2776)-Nepomniachtchi,I (2774) Saint Louis 2019}) 9... Nb6 10. O-O Nxc4 11. Qxc4 {[#] Threatens to win with d5.The position is equal.} Bg7 $1 {[%cal Rc6d4]} 12. Bg5 f6 (12... Qa5 {feels hotter.} 13. Rad1 O-O 14. Rfe1 h6 15. Bh4 Qa6) 13. Bf4 $146 {And now d5 would win.} ({Predecessor:} 13. Be3 Ne7 14. d5 Nxd5 15. Rfd1 O-O 16. Nxd5 exd5 {½-½ (44) Graf,A (2561)-Schlosser,P (2501) Dresden 2018}) 13... g5 (13... O-O $11) 14. Be3 (14. d5 $16 Na5 15. Qc7 Qxc7 16. Bxc7) 14... O-O $11 15. Rad1 Ne7 16. Rfe1 {Threatening d5.} Nd5 17. h4 {[%cal Rh4g5]} h6 18. hxg5 hxg5 19. Qd3 Bd7 20. Bd2 Rc8 21. Nxd5 exd5 22. Re3 Re8 23. Qb3 Bc6 24. Rde1 $36 {[%mdl 2048] Black is under pressure.} Rxe3 25. Rxe3 Qd7 26. Qa3 a6 27. Qd3 Re8 28. Qg6 (28. Rxe8+ $11 Qxe8 29. Ne1) 28... Rxe3 29. Bxe3 Qe8 {Accuracy: White = 32%, Black = 43%.} 1/2-1/2